Balalong : mga kasabihang Bikolnon = Bikol proverbs : (Record no. 6076)

MARC details
000 -LEADER
fixed length control field 00837nam a22002177a 4500
003 - CONTROL NUMBER IDENTIFIER
control field OSt
005 - DATE AND TIME OF LATEST TRANSACTION
control field 20251124121115.0
008 - FIXED-LENGTH DATA ELEMENTS--GENERAL INFORMATION
fixed length control field 251124b |||||||| |||| 00| 0 eng d
020 ## - INTERNATIONAL STANDARD BOOK NUMBER
International Standard Book Number 971-933-06-0-0
040 ## - CATALOGING SOURCE
Original cataloging agency DWC-Main Lib.
Transcribing agency OC
082 ## - DEWEY DECIMAL CLASSIFICATION NUMBER
Classification number SC. 398.9 B535b 2005
100 ## - MAIN ENTRY--PERSONAL NAME
Personal name Bersabe, Philip Francis Reazon
245 ## - TITLE STATEMENT
Title Balalong : mga kasabihang Bikolnon = Bikol proverbs :
Remainder of title a compilation and interpretation, volume one/
Statement of responsibility, etc. Philip Francis Reazon Bersabe
260 ## - PUBLICATION, DISTRIBUTION, ETC.
Place of publication, distribution, etc. Naga City, Phils. :
Name of publisher, distributor, etc. Goldprint Publishing House,
Date of publication, distribution, etc. c2005.
300 ## - PHYSICAL DESCRIPTION
Extent xi, 118 pages :
Other physical details b & w illustrations ;
Dimensions 22 cm.
500 ## - GENERAL NOTE
General note Library has only v. 1.
650 ## - SUBJECT ADDED ENTRY--TOPICAL TERM
Topical term or geographic name entry element 1. Proverbs, Bikol.
650 ## - SUBJECT ADDED ENTRY--TOPICAL TERM
Topical term or geographic name entry element 2. Proverbs, Bikol--Translations into English.
650 ## - SUBJECT ADDED ENTRY--TOPICAL TERM
Topical term or geographic name entry element 3. Proverbs, Bikol--Philippines--History and criticism.
942 ## - ADDED ENTRY ELEMENTS (KOHA)
Source of classification or shelving scheme Dewey Decimal Classification
Koha item type Special Collection
Call number prefix SC.
Suppress in OPAC No
952 ## - LOCATION AND ITEM INFORMATION (KOHA)
--
Holdings
Withdrawn status Lost status Source of classification or shelving scheme Damaged status Not for loan Home library Current library Shelving location Date acquired Source of acquisition Total Checkouts Full call number Barcode Date last seen Copy number Price effective from Koha item type Uniform Resource Identifier
    Dewey Decimal Classification     College Library College Library Special Collection 03/04/2014 Donation   SC. 398.9 B535b 2005 CL50563 11/24/2025 c1 11/24/2025 SC